000 01416nam a2200373Ia 4500
001 ebr10288700
003 CaPaEBR
006 m u
007 cr cn|||||||||
008 071015s2008 ilua sb 001 0 eng d
020 _z9780226065656
020 _z0226065650
020 _z9780226065663
020 _z0226065669
040 _aCaPaEBR
_cCaPaEBR
035 _a(OCoLC)646810192
050 1 4 _aQ180.55.M4
_bB66 2008eb
100 1 _aBooth, Wayne C.
245 1 4 _aThe craft of research
_h[electronic resource] /
_cWayne C. Booth, Gregory G. Colomb, Joseph M. Williams.
250 _a3rd ed.
260 _aChicago :
_bUniversity of Chicago Press,
_cc2008.
300 _axvii, 317 p. :
_bill.
490 1 _aChicago guides to writing, editing, and publishing
504 _aIncludes bibliographical references and index.
533 _aElectronic reproduction.
_bPalo Alto, Calif. :
_cebrary,
_d2011.
_nAvailable via World Wide Web.
_nAccess may be limited to ebrary affiliated libraries.
650 0 _aResearch
_xMethodology.
650 0 _aTechnical writing.
655 7 _aElectronic books.
_2local
700 1 _aColomb, Gregory G.
700 1 _aWilliams, Joseph M.
710 2 _aebrary, Inc.
830 0 _aChicago guides to writing, editing, and publishing.
856 4 0 _uhttp://site.ebrary.com/lib/rucke/Doc?id=10288700
_zAn electronic book accessible through the World Wide Web; click to view
999 _c527
_d527